000 00401nam a2200169Ia 4500
003 OSt
005 20240311100746.0
008 170619s9999 xx 000 0 und d
020 _a74620843
040 _cIIMT ENGINEERING COLLEGE
100 _aBasu- C. R.
245 0 _aBusiness organization and management
260 _bNew Delhi T M H
260 _c1998
546 _aENGLISH
942 _2ddc
_c02
999 _c21834
_d21834